Thumbs by Sabrina Carpenter Lyrics - Statistics

General Stats
  • This quiz has been taken 213 times
  • The average score is 345 of 428
Answer Stats
Lyrics % Correct
a
100%
and
100%
the
100%
who
98%
mother
97%
so
96%
da
95%
on
94%
thumbs
93%
to
93%
daughter
92%
get
92%
of
92%
they
92%
world
92%
in
91%
has
90%
just
90%
keep
90%
father
89%
there
89%
married
87%
is
86%
son
86%
them
86%
way
86%
all
85%
somewhere
83%
that
83%
brother
82%
that's
82%
go
81%
it
80%
one
80%
twiddlin'
80%
twiddlin
80%
gets
79%
start
79%
again
78%
another
77%
then
77%
end
75%
with
75%
work
73%
dum
71%
never
71%
be
70%
paid
70%
multiply
69%
same
69%
very
69%
rob
68%
workin'
68%
bank
67%
'cause
67%
cause
67%
ends
67%
people
67%
but
66%
till
65%
for
64%
got
64%
you
62%
someone
60%
they're
60%
think
59%
else
58%
gonna
58%
up
58%
working
58%
robbed
56%
robber
56%
dee
55%
made
54%
themselves
53%
don't
51%
let
51%
everyday
50%
away
49%
tryna
47%
works
47%
hear
46%
him
45%
police
45%
ear
44%
left
43%
right
43%
your
43%
believe
42%
everything
42%
somebody
42%
skiddly
39%
beat
38%
came
38%
drum
37%
skiddly
37%
through
36%
march
31%
till
23%
No matching quizzes found
Score Distribution
Percent of People with Each Score
Percentile by Number Answered
Your Score History
You have not taken this quiz